000 00948nam a22002657a 4500
003 dpl
005 20180823131119.0
008 180823b xxu||||| |||| 00| 0 eng d
010 _aB-045106
020 _c250.00
_a8175251751
035 _aB-045106, B-045111
037 _bCen Lib/Ret
040 _aDPL
_bEN
_c0
082 _a025.527
_bLIB
245 _aLibrary and information services in India /
_cedited by Prabir Roychoudhury [and] Nirmalendu Mukhopadhyay
246 _b
260 _aCalcutta
_bIndian Association of Special Libraries and Information Centres
_c2000
270 _bCalcutta
_aP291, scheme 6M, kankugrachi
_e700054
300 _a336p.
_c121cm(Hb)
650 _aLibrary and information services -- India
_9100683
650 _aInformation services -- India
_9100684
700 _aRoychoudhury, Prabir
_9100685
700 _aMukhopadhyay, Nirmalendu
_9100686
942 _2ddc
_cEN
_h025.527
_mDAV
999 _c136031
_d136031